Jak se budují značky. Nově vznikající trhy, služby, zboží dlouhodobé spotřeby, obchodování mezi firmami (B2B) a luxusní značky /
Publikace přibližuje základní pojmy a účinné strategie spojené s procesem budování značky.
Uloženo v:
| Série: | Jak se budují značky,
část 2 |
|---|---|
| Hlavní autor: | |
| Další autoři: | , |
| Médium: | E-kniha |
| Jazyk: | Czech |
| Vydáno: |
Praha :
Dobrovský s.r.o.,
2025
|
| Edice: | Via
|
| Témata: | |
| Příbuzné jednotky: | Z cyklu::
Jak se budují značky |
| Tagy: |
Žádné tagy |
| LEADER | 02543nam a2200577 i 4500 | ||
|---|---|---|---|
| 001 | 312812 | ||
| 003 | CZ PrSKC | ||
| 005 | 20260601215729.0 | ||
| 007 | ta | ||
| 008 | 251009s2025 xr a f 000 0 cze | ||
| 015 | |a cnb003713161 | ||
| 020 | |a 9788027743988 |q (vázáno) : |c Kč 499,00 | ||
| 035 | |a (OCoLC)1559932410 | ||
| 040 | |a OLA001 |b cze |e rda | ||
| 041 | 1 | |a cze |h eng | |
| 072 | 7 | |a 658 |x Řízení a správa podniku |2 Konspekt | |
| 080 | |a 658.8:005 |2 MRF | ||
| 080 | |a 658.626 |2 MRF | ||
| 080 | |a 005:658.626 |2 MRF | ||
| 080 | |a (048.8) |2 MRF | ||
| 100 | 1 | |a Romaniuk, Jenni |7 vse2016936592 |4 aut | |
| 240 | 1 | 0 | |a Including emerging markets, services and durables, new brands and luxury brands. |l Česky |
| 245 | 1 | 0 | |a Jak se budují značky. |p Nově vznikající trhy, služby, zboží dlouhodobé spotřeby, obchodování mezi firmami (B2B) a luxusní značky / |c Jenni Romaniuk, Byron Sharp ; přeložil Matěj Fixl |
| 246 | 3 | 0 | |a Nově vznikající trhy, služby, zboží dlouhodobé spotřeby, obchodování mezi firmami (B2B) a luxusní značky |
| 264 | 1 | |a Praha : |b Dobrovský s.r.o., |c 2025 | |
| 300 | |a 263 stran : |b ilustrace ; |c 24 cm | ||
| 336 | |a text |b txt |2 rdacontent | ||
| 337 | |a bez média |b n |2 rdamedia | ||
| 338 | |a svazek |b nc |2 rdacarrier | ||
| 490 | 1 | |a Via | |
| 500 | |a Přeloženo z angličtiny | ||
| 504 | |a Obsahuje bibliografie a bibliografické odkazy | ||
| 520 | 2 | |a Publikace přibližuje základní pojmy a účinné strategie spojené s procesem budování značky. | |
| 650 | 0 | 7 | |a marketingový management |7 ph115229 |2 czenas |
| 650 | 0 | 7 | |a obchodní značky |7 ph166532 |2 czenas |
| 650 | 0 | 7 | |a řízení značky |7 ph205089 |2 czenas |
| 650 | 0 | 9 | |a marketing management |2 eczenas |
| 650 | 0 | 9 | |a brand name products |2 eczenas |
| 650 | 0 | 9 | |a brand management |2 eczenas |
| 655 | 7 | |a monografie |7 fd132842 |2 czenas | |
| 655 | 9 | |a monographs |2 eczenas | |
| 700 | 1 | |a Sharp, Byron |7 utb2013749290 |4 aut | |
| 700 | 1 | |a Fixl, Matěj, |d 1986- |7 jo20211108493 |4 trl | |
| 765 | 1 | |t How brands grow | |
| 830 | 0 | |a Via | |
| 900 | |a ABA001 |b 20 | ||
| 044 | |a xr | ||
| 787 | 0 | 8 | |g 2 |i Z cyklu: |t Jak se budují značky |
| 910 | |a RBIT002 | ||
| 998 | |d 422304 |a https://core.palmknihy.cz/api/books/422304/cover?t2lhjc |b https://core.palmknihy.cz/api/books/422304/cover/400?t2lhjc |c https://core.palmknihy.cz/api/books/422304/cover/50?t2lhjc |e 2029-04-12 |g 272 |i 9788027743988 |k https://core.palmknihy.cz/api/books/422304/preview.pdf |l |q 49 |r 1 |s https://www.palmknihy.cz/kniha/422304 |t ebook |y 2025 |z 0 |v Jak se budují značky |w 2 | ||
| 999 | |d 312810 | ||